000 00367pab a2200145 454500
008 180718b2001 xxu||||| |||| 00| 0 eng d
100 _aAlonso-Villar, Olga
245 _aLarage metropolises in the Third World: an explanation
260 _c2001
300 _ap.1359-371
362 _aJul
650 _aLocal government
773 _aUrban Studies
909 _a49353
999 _c49353
_d49353